Statistics for Countries Most Similar To Taiwan

Click here to take the quiz!

General Stats

  • This quiz has been taken 71 times
  • The average score is 13 of 20

Answer Stats

RankCountryScore% Correct
3Japan68.9
100%
1South Korea69.2
100%
2China69.0
98%
12Indonesia55.2
92%
6Thailand60.3
92%
7Malaysia59.5
90%
4Vietnam63.6
90%
5Singapore62.5
88%
8Philippines58.1
87%
11North Korea55.3
80%
10Brunei55.4
68%
16Mongolia54.5
58%
9France55.5
50%
13Spain54.9
50%
16Italy54.5
45%
16Portugal54.5
45%
15Poland54.6
27%
16Austria54.5
23%
14Bulgaria54.8
18%
20Chile54.4
15%

Score Distribution

Percentile by Number Answered

Percent of People with Each Score

Your Score History

You have not taken this quiz